000 00464nam a2200181Ia 4500
001 20502
005 20260306172810.0
008 260306t2000||||xx |||||||||||||| ||spa||
041 _aESP
082 _aS 343.334
_bD43
100 _aDefensoría del Pueblo
_eAUT
245 0 _aElecciones 2000 :
_bSupervisión de la Defensoría del Pueblo
260 _c2000
300 _a443 páginas :
_c21 cm.
650 _aGEN
654 _aCDE
942 _cLIB
_dJUS
_fJUS
_2ddc
_n
999 _c20502
_d20502